[Event "Southend Easter op 64th"]
[Site "Southend"]
[Date "2022.04.16"]
[Round "4"]
[White "Latypova, Olga L"]
[Black "Barker, Edward"]
[Result "1-0"]
[WhiteElo "1451"]
[BlackElo "1885"]
[PlyCount "43"]
[EventDate "2022.04.15"]
[EventType "swiss"]
[EventRounds "7"]
[EventCountry "ENG"]
[SourceTitle "CBM 207 Extra"]
[Source "ChessBase"]
[SourceDate "2022.05.31"]
[SourceVersion "1"]
[SourceVersionDate "2022.05.31"]
[SourceQuality "1"]

1. e4 d6 2. d4 Nf6 3. Nc3 Nbd7 4. g3 e5 5. Nge2 c6 6. a4 Be7 7. Bg2 Qc7 8. h3 Nf8 9. Be3 Ng6 10. 0-0 Bd7 11. f4 0-0-0 12. d5 exf4 13. Nxf4 Kb8 14. dxc6 bxc6 15. b4 Be6 16. b5 c5 17. a5 Ne5 18. b6 Qc6 19. Nxe6 fxe6 20. Qe2 Rd7 21. Rfb1 Rb7 22. Qa6 1-0